| 000 | 00814nas a2200241 i 4500 | ||
|---|---|---|---|
| 001 | 185566 | ||
| 003 | ES-MaACL | ||
| 005 | 20250809032530.0 | ||
| 008 | 160713d18921903sp a| | ||pa d | ||
| 022 | _a2481-3664 | ||
| 245 | 0 | 0 |
_aAlmanaque militar para...: _brecopilación, por orden alfabético, de leyes, decretos, reales órdenes, circulares, etc., etc. |
| 260 |
_aMadrid : _b[s.n.], _c1892-1903 ( _fAgustín Avrial) |
||
| 300 |
_a1 v. ; _c17 cm. |
||
| 310 | _aAnual | ||
| 362 | 0 | _aAño I (1892)-1903. | |
| 500 | _aCompilador, Miguel Muñoz Cuéllar. | ||
| 650 | 7 |
_aDerecho militar- _zEspaña _2 _9155607 |
|
| 700 | 0 |
_aMuñoz Cuéllar, Miguel. _984381 |
|
| 785 | 0 | 0 | _aAnuario legislativo militar |
| 852 |
_aES-MaACL _jG-10097 _z- Legado Calderón |
||
| 866 | 0 | _o1900. | |
| 999 |
_c185566 _d185566 |
||